Dune: Characters by Picture - Statistics

General Stats
  • This quiz has been taken 126 times
  • The average score is 14 of 19
Answer Stats
Picture Answer % Correct
Paul Atreides
100%
Jessica Atreides
94%
Chani Kynes
92%
Leto Atreides I
91%
Duncan Idaho
86%
Vladimir Harkonnen
86%
Gurney Halleck
84%
Stilgar
82%
Feyd-Rautha Harkonnen
80%
Shaddam Corrino IV
80%
Glossu Rabban
69%
Irulan Corrino
69%
Gaius Helen Mohiam
63%
Liet Kynes
58%
Wellington Yueh
58%
Alia Atreides
57%
Thufir Hawat
56%
Margot Fenring
48%
Piter de Vries
47%
No matching quizzes found
Score Distribution
Percent of People with Each Score
Percentile by Number Answered
Your Score History
You have not taken this quiz